[Event "Almansa op-B 6th"]
[Site "Almansa"]
[Date "2011.08.13"]
[Round "8.7"]
[White "Pastor Villalba, Arturo"]
[Black "Alcaraz Cordoba, Sergio"]
[Result "0-1"]
[WhiteElo "1818"]
[BlackElo "1959"]
[PlyCount "74"]
[EventDate "2011.08.09"]
[EventType "swiss"]
[EventRounds "9"]
[EventCountry "ESP"]
[SourceTitle "EXT 2024"]
[Source "ChessBase"]
[SourceDate "2023.10.10"]
[SourceVersion "1"]
[SourceVersionDate "2023.10.10"]
[SourceQuality "1"]

1. d4 d5 2. c4 e6 3. Nc3 c6 4. Nf3 f5 5. Bf4 Nf6 6. e3 Be7 7. Be2 0-0 8. 0-0 Ne4 9. Qc2 g5 10. Bxb8 Rxb8 11. Ne5 Bd6 12. f3 Nxc3 13. Qxc3 Bxe5 14. dxe5 f4 15. Rad1 Qb6 16. c5 Qc7 17. g4 b6 18. b4 Bd7 19. e4 bxc5 20. bxc5 Be8 21. Bd3 Bg6 22. exd5 cxd5 23. Bxg6 hxg6 24. Rb1 Rfc8 25. Rxb8 Qxb8 26. Re1 Qb5 27. Rc1 Rc6 28. Qc2 Kg7 29. Kg2 Kh6 30. Kg1 a5 31. a3 a4 32. Qc3 Qe2 33. Re1 Rxc5 34. Qb4 Qc4 35. Rb1 Qc3 36. Qb8 Rc8 37. Qb7 Qe3+ 0-1

[Event "ESP-chT CECLUB Sur Div 1"]
[Site "Burguillos"]
[Date "2007.08.25"]
[Round "5"]
[White "Alcaraz Cordoba, Sergio"]
[Black "Palma Macias, Jose Alberto"]
[Result "0-1"]
[WhiteElo "1876"]
[BlackElo "2165"]
[PlyCount "80"]
[EventDate "2007.08.22"]
[EventType "team"]
[EventRounds "6"]
[EventCountry "ESP"]
[SourceTitle "CBM 119 Extra"]
[Source "ChessBase"]
[SourceDate "2007.09.04"]
[SourceVersion "1"]
[SourceVersionDate "2007.09.04"]
[SourceQuality "1"]

1. e4 c5 2. c3 Nf6 3. e5 Nd5 4. d4 cxd4 5. cxd4 g6 6. Nf3 Bg7 7. Bc4 Nb6 8. Bb3 d6 9. exd6 Qxd6 10. h3 Nc6 11. Be3 0-0 12. Nc3 Be6 13. Bxe6 Qxe6 14. 0-0 Rfd8 15. Ne2 Nd5 16. Qd2 Rac8 17. Rac1 Nxe3 18. Qxe3 Qxa2 19. Rfd1 e6 20. Ra1 Qc4 21. Rac1 Qb4 22. Rc2 Qd6 23. Rdc1 Ne7 24. Rxc8 Rxc8 25. Rxc8+ Nxc8 26. Qa3 Qxa3 27. bxa3 Nb6 28. Nc3 Bf8 29. Kf1 a6 30. a4 Bb4 31. Na2 Ba5 32. Ne5 Nxa4 33. Nd7 Nc3 34. Nc1 Nb5 35. Nb3 Bc3 36. Ndc5 Nxd4 37. Nxd4 Bxd4 38. Nxb7 Kf8 39. Ke2 Ke7 40. Na5 Kd6 0-1